000 01419cam a22003737a 4500
003 CHAP
005 20220329132925.0
008 971013s1990 r 00010 d
010 _a312
011 _a1284
035 _a460
040 _cCHAP
090 _aTesis
100 0 0 _aRodríguez Lagunes, Daniel Arturo.
_998623
245 0 _aSusceptibilidad a insecticidas en poblaciones de la mosca doméstica, Musca doméstica L. (Diptera: Muscidae) de cuatro localidades de México
260 _aChapingo, Méx. :
_bEl autor,
_c1990
300 _a114 h.
_b: ilus.
502 _aTesis (M.C. Esp. en Entomología y Acarología) -- CP. Centro de Entomología y Acarología
590 _aALEPH
_b10
_c20130110
_lUCH01
_h1205
590 _aBATCH-UPD
_b10
_c20130110
_lUCH01
_h0023
590 _aBATCH-UPD
_b10
_c20130110
_lUCH01
_h1630
590 _aBATCH-UPD
_b10
_c20130409
_lUCH01
_h2003
590 _aBATCH-UPD
_b10
_c20130410
_lUCH01
_h1022
590 _aBATCH-UPD
_b10
_c20130914
_lUCH01
_h1006
590 _aCONVERSION
_b10
_c20130109
_lUCH01
_h1302
650 1 4 _aInsecticidas.
_958855
650 1 4 _aInsectos
_xResistencia a insecticidas.
_958941
650 1 4 _aMusca domestica.
_979867
710 0 _aColegio de Postgraduados. Chapingo, Méx. Centro de Entomología y Acarología.
_925077
901 _aBK
942 _cFOLL
949 _bBC
_cTES
_d-73754
_eTS2
_fc.2
_h22602
_i460
_si
949 _bBC
_cTES
_d-9907
_eTS1
_h22601
_i460
_si
999 _c312
_d312